| 000 | 00845nam a2200277 a 4500 | ||
|---|---|---|---|
| 001 | 000035676 | ||
| 003 | DO-SdBNP | ||
| 005 | 20180213110133.0 | ||
| 007 | 000035676 | ||
| 008 | 091202s2011 dr 000 f spa d | ||
| 020 | _a9789945429336 | ||
| 040 |
_aBPMSU _bspa _cBPMSU |
||
| 082 | 4 |
_aRD863.44 _bV498s, |
|
| 100 | 1 |
_aVergés, Pedro, _d1945 - |
|
| 245 | 1 | 0 |
_aSólo cenizas hallarás : _b(boleros) / _cPedro Vergés. |
| 260 |
_aSanto Domingo : _bGrupo Santillana, _c2011. |
||
| 300 |
_a428 p. ; _c22 cm. |
||
| 490 | 1 | _aAlfaguara | |
| 500 | _aIncluye datos biográficos del autor en la contracubierta | ||
| 650 | 4 |
_aNOVELA DOMINICANA _xLITERATURA DOMINICANA |
|
| 830 | 0 | _aAlfaguara | |
| 910 | _aValidado. Control de calidad MFF | ||
| 942 |
_2ddc _cBK |
||
| 945 | _aInventariado / 2017 VM | ||
| 956 |
_aVMATEO _b10 _c20111129 _lBPMUS _h1026 |
||
| 999 |
_c7970 _d7970 |
||